000 00997nam a2200289 i 4500
003 EG-GICUC
005 20260219144749.0
008 260219s1931 fr ||||fr|||| 00| 0 fre d
040 _aEG-GiCUC
_bfre
_cEG-GiCUC
_dEG-GiCUC
_eRda
082 0 4 _221
_a341.8
_bBO . C
092 0 4 _221
099 _aLaw1 12 341.8 BO . C 1931
100 1 _aBonnichon, André
_eAuteur
245 1 3 _aLa Conversion Au Christianisme De L'indigène Musulman Algérien Et Ses Effets Juridiques :
_b(Un Cas De Conflit Colonial) /
_n
_cAndré Bonnichon.
264 1 _aParis :
_bLibrairie Du Recueil Sirey,
_c1931.
300 _a152page :
_billustration ;
_c 24 cm.
336 _2rda contenu
_a texte
337 _2rda medias
_aOrdinateur
338 _2 transporteur rda
_a Ressource en ligne
504 _a
546 _aTexte en français
650 1 4 _aDroit international privé
_2
651 1 _2
856 4 0 _uhttps://fll.law.cu.edu.eg/fulltext/bks/B12-02627.pdf
905 _a50
942 _2ddc
_cBK
_e21
_n0
999 _c63854
_d63854